Faculty of Law Library — Cairo University

Official Online Catalog

التفويض في القانون الإداري : (Record no. 58015)

MARC details
000 -LEADER
fixed length control field 01259nam a2200325 i 4500
003 - CONTROL NUMBER IDENTIFIER
control field EG-GICUC
005 - DATE AND TIME OF LATEST TRANSACTION
control field 20260121101744.0
008 - FIXED-LENGTH DATA ELEMENTS--GENERAL INFORMATION
fixed length control field 260120s1997 ua ad||f |||| 00| 0 ara d
017 ## - COPYRIGHT OR LEGAL DEPOSIT NUMBER
Copyright or legal deposit number 1997/11616
040 ## - CATALOGING SOURCE
Original cataloging agency EG-GICUC
Language of cataloging ara
Transcribing agency EG-GICUC
Modifying agency EG-GICUC
Description conventions rda
041 ## - LANGUAGE CODE
Language code of text/sound track or separate title ara
082 04 - DEWEY DECIMAL CLASSIFICATION NUMBER
Edition number 21
Classification number 345.6231
Item number ح س . ت
092 04 - LOCALLY ASSIGNED DEWEY CALL NUMBER (OCLC)
Edition number 21
099 ## - LOCAL FREE-TEXT CALL NUMBER (OCLC)
Classification number Law1 07 345.6231 ح س . ت 1997
100 0# - MAIN ENTRY--PERSONAL NAME
Personal name حسن حسين شرف
Relator term مؤلف.
245 12 - TITLE STATEMENT
Title التفويض في القانون الإداري :
Remainder of title دراسة تطبيقية في قطاع الشرطة /
Statement of responsibility, etc. دكتور حسن حسين شرف .
264 #3 - PRODUCTION, PUBLICATION, DISTRIBUTION, MANUFACTURE, AND COPYRIGHT NOTICE
Place of production, publication, distribution, manufacture سوهاج :
Name of producer, publisher, distributor, manufacturer دار الصفا للطباعة الحديثة ،
Date of production, publication, distribution, manufacture, or copyright notice 1997 .
300 ## - PHYSICAL DESCRIPTION
Extent 346 ؛ صفحة
Other physical details إيضاحيات، رسومات بيانية ؛
Dimensions 24 سم
336 ## - CONTENT TYPE
Source rda content
Content type term text
337 ## - MEDIA TYPE
Source rda media
Media type term Computer
338 ## - CARRIER TYPE
Source rda carrier
Carrier type term Online Resource
504 ## - BIBLIOGRAPHY, ETC. NOTE
Bibliography, etc. note . 300-292 ببليوجرافيا: صفحات.
504 ## - BIBLIOGRAPHY, ETC. NOTE
Bibliography, etc. note يشتمل على إرجاعات ببليوجرافية
650 14 - SUBJECT ADDED ENTRY--TOPICAL TERM
Topical term or geographic name entry element التفويض في الاختصاص
Source of heading or term qrmak
650 14 - SUBJECT ADDED ENTRY--TOPICAL TERM
Topical term or geographic name entry element القانون الإداري
651 1# - SUBJECT ADDED ENTRY--GEOGRAPHIC NAME
Source of heading or term qrmak
856 40 - ELECTRONIC LOCATION AND ACCESS
Uniform Resource Identifier <a href="https://fll.law.cu.edu.eg/fulltext/bks/B07-02164.pdf">https://fll.law.cu.edu.eg/fulltext/bks/B07-02164.pdf</a>
905 ## - Cataloger and Reviser Names
Cataloger Name: Yasmin Essam
942 ## - ADDED ENTRY ELEMENTS (KOHA)
Source of classification or shelving scheme Dewey Decimal Classification
Koha item type Books
Edition 21
Suppress in OPAC No
Holdings
Withdrawn status Lost status Source of classification or shelving scheme Damaged status Not for loan Collection Home library Current library Date acquired Total checkouts Full call number Barcode Date last seen Copy number Price effective from Koha item type
    Dewey Decimal Classification   Not for loan القانون الإداري جــــامعة القــاهرة مكتبة كلية الحقوق - المبنى الرئيسي 20.01.2026   Law1 07 345.6231 ح س . ت 1997 0702164 C1 B07-02164 20.01.2026 1 20.01.2026 Books
    Dewey Decimal Classification     القانون الإداري جــــامعة القــاهرة مكتبة كلية الحقوق - المبنى الرئيسي 20.01.2026   Law1 07 345.6231 ح س . ت 1997 0702165 C2 B07-02165 20.01.2026 2 20.01.2026 Books
    Dewey Decimal Classification     القانون الإداري جــــامعة القــاهرة مكتبة كلية الحقوق - فـرع الشيخ زايد 20.01.2026   Law2 07 345.6231 ح س . ت 1997 0702321 C3 B07-02321 20.01.2026 3 20.01.2026 Books

© All rights reserved — Faculty of Law, Cairo University